| 000 | 00684nam a2200229 u 4500 | ||
|---|---|---|---|
| 005 | 20240925064844.0 | ||
| 008 | 120905s2005 es r 000 0 spa d | ||
| 020 | _a8424180089 | ||
| 035 | _aUPN01000186423 | ||
| 049 | _aI | ||
| 050 | 4 |
_aPZ78 _bC4.3 |
|
| 100 | 1 |
_aCarvalhas, Maria Lúcia _933432 |
|
| 245 | 1 | 0 |
_aCuando crezca, quiero ser-- / _cMaria Lúcia Carvalhas ; il. Raquel Pinheiro. |
| 260 |
_aLeón, Esp. : _bEverest, _c2005. |
||
| 300 |
_a[48] p. : _bil. col. |
||
| 440 | 0 |
_aMontaña encantada. _pPrimeros lectores |
|
| 650 | 4 |
_aCuentos infantiles españoles _97725 |
|
| 650 | 2 |
_aProfesiones _921846 |
|
| 905 | _aInfantil | ||
| 999 |
_c158526 _d158526 |
||